LEADER 00667nam a2200181 i 4500 001 000000195773 003 CaOOAMICUS 005 20110720000000.0 008 110720s1796 it u000 u ita u 013 $a174453 026 $an-iu e.e, o.ce TuGl (3) 1796 (R) 040 $aSeMil$bita 245 10$aParte 1. 300 $aXVI, 139, [1] p. 773 0 $tCanzoniere per la monacazione di nobil donzella veneta ... parte prima [-terza].$bSeconda edizione$dVerona : Dalla stamperia Giuliari, 1796.$g1$w()25137 850 $aSeMil 852 $aSeMil$W1$xVenegono$y1$m1G VI 16/1 FA$j146342$B146342$CSeMilBibl$Z2$F165534 $8I 996 $6245$aParte 1$9(OLS)http://semarc/title/49080 LEADER 00552nab a2200145 i 4500 001 000000313009 003 CaOOAMICUS 005 20180831173103.0 008 180831n xx uu u0 0und r 013 $a22101 040 $aSeMil$bita 100 1 $aMeda, Filippo,$d<1869-1939>.$0(OLS)http://semarc/name/53541 245 10$aLettera di felicitazione per il cinquantesimo de ĞLa Scuola Cattolicağ. 773 0 $t[Luglio-Dicembre].$g405-406$w()274188 996 $6245$aLettera di felicitazione per il cinquantesimo de ĞLa Scuola Cattolicağ$9(OLS)http://semarc/title/387338